[Event "Eastern op 45th"]
[Site "Tysons"]
[Date "2018.12.27"]
[Round "1"]
[White "Shibut, Macon A"]
[Black "Hu, Merric"]
[Result "1-0"]
[WhiteElo "2161"]
[BlackElo "1867"]
[PlyCount "87"]
[EventDate "2018.12.27"]
[EventType "swiss"]
[EventRounds "7"]
[EventCountry "USA"]
[SourceTitle "CBM 188 Extra"]
[Source "ChessBase"]
[SourceDate "2019.02.26"]
[SourceVersion "1"]
[SourceVersionDate "2019.02.26"]
[SourceQuality "1"]

1. e4 c5 2. Nf3 Nc6 3. c3 Nf6 4. e5 Nd5 5. d4 cxd4 6. cxd4 d6 7. Bc4 dxe5 8. Bxd5 Qxd5 9. Nc3 Qd6 10. d5 Nb8 11. 0-0 Bg4 12. Qa4+ Qd7 13. Nxe5 Qxa4 14. Nxa4 Bf5 15. Bf4 g5 16. Bg3 Bg7 17. Rac1 Na6 18. Nc5 Nb4 19. Nxb7 Nxd5 20. Rc5 Be6 21. Rd1 f5 22. Rc6 Bg8 23. Rdc1 e6 24. Rc7 Nxc7 25. Rxc7 f4 26. Rxg7 fxg3 27. hxg3 Kf8 28. Rc7 Re8 29. Nd6 Re7 30. Rc8+ Kg7 31. Ne8+ Kh6 32. Nf6 Kg7 33. Nh5+ Kh6 34. g4 Rb7 35. Rf8 Rg7 36. Nxg7 Kxg7 37. Ra8 h6 38. g3 Rh7 39. Rxa7+ Kf6 40. Rxh7 Bxh7 41. f4 Ke7 42. Kf2 Bb1 43. a3 Bc2 44. Ke3 1-0